[Event "19th EUR-ch"]
[Site "Batumi GEO"]
[Date "2018.03.28"]
[Round "11.81"]
[White "Kelires, Andreas"]
[Black "Soysal, Serkan"]
[Result "1/2-1/2"]
[WhiteElo "2523"]
[BlackElo "2406"]
[EventDate "2018.03.17"]
[PlyCount "97"]

1.d4 Nf6 2.Nf3 g6 3.Bg5 Bg7 4.Nbd2 O-O 5.e3 d5 6.Be2 Nbd7 7.O-O Re8 8.c4 
c6 9.cxd5 cxd5 10.Qb3 Qa5 11.Qc3 Qxc3 12.bxc3 Nh5 13.Rfb1 h6 14.Bh4 g5 15.
Bg3 Nxg3 16.hxg3 e6 17.a4 Bf8 18.a5 a6 19.c4 Bd6 20.Ne1 Bc7 21.Rc1 Bd6 22.
Rcb1 Bc7 23.cxd5 exd5 24.Bg4 Nb8 25.Bxc8 Rxc8 26.Rxb7 Nc6 27.Nd3 Bxa5 28.
Nb3 Bc7 29.Rc1 Bd8 30.Nbc5 a5 31.g4 Ra7 32.Rb5 a4 33.Ra1 a3 34.Ra2 Be7 35.
Rb3 Rca8 36.Kf1 Kg7 37.Ke2 Nd8 38.Rb6 Ne6 39.Nxe6+ fxe6 40.Rxe6 Rb8 41.
Rxe7+ Rxe7 42.Rxa3 Rc7 43.Ra2 Rb1 44.Ne5 Rcb7 45.Kf3 R1b2 46.Ra5 R2b5 47.
Ra6 R5b6 48.Ra5 Rb5 49.Ra6 1/2-1/2

[Event "19th EUR-ch"]
[Site "Batumi GEO"]
[Date "2018.03.28"]
[Round "11.82"]
[White "Kriebel, Tadeas"]
[Black "Polivanov, Anatoliy"]
[Result "0-1"]
[WhiteElo "2520"]
[BlackElo "2383"]
[EventDate "2018.03.17"]
[PlyCount "66"]

1.c4 e6 2.g3 d5 3.Bg2 Nf6 4.Nf3 d4 5.O-O c5 6.d3 Nc6 7.e4 e5 8.h3 g6 9.Nh2
Bg7 10.a3 a5 11.a4 O-O 12.Na3 Nh5 13.Nb5 Be6 14.Nf3 h6 15.Kh2 Qd7 16.Nh4 
Qe7 17.Nf5 gxf5 18.Qxh5 fxe4 19.Bxh6 exd3 20.Rfe1 f5 21.Bd5 e4 22.Nd6 Bxd5
23.Bxg7 Qxg7 24.Nxf5 Rxf5 25.Qxf5 Ne7 26.Qh5 Bc6 27.Qxc5 Rf8 28.Rf1 Ng6 
29.Rae1 d2 30.Rd1 Ne5 31.f4 e3 32.fxe5 Rxf1 33.Rxf1 e2 0-1

[Event "19th EUR-ch"]
[Site "Batumi GEO"]
[Date "2018.03.28"]
[Round "11.83"]
[White "Matinian, Nikita"]
[Black "Mirzoyan, David"]
[Result "1/2-1/2"]
[WhiteElo "2514"]
[BlackElo "2350"]
[EventDate "2018.03.17"]
[PlyCount "161"]

1.e4 e6 2.d4 d5 3.Nc3 Bb4 4.e5 c5 5.a3 Bxc3+ 6.bxc3 Qa5 7.Bd2 Qa4 8.Qg4 
Kf8 9.Nf3 Ne7 10.h4 Qxc2 11.dxc5 Nd7 12.Rc1 Qe4+ 13.Qxe4 dxe4 14.Ng5 Nxc5 
15.Be3 Nd3+ 16.Bxd3 exd3 17.Rd1 Bd7 18.Rxd3 Bc6 19.f3 h6 20.Ne4 b6 21.Nd6 
Ng6 22.Bd4 h5 23.Kf2 Ke7 24.c4 Rhd8 25.c5 f6 26.exf6+ gxf6 27.Re1 e5 28.
cxb6 Nf4 29.Rd2 Rxd6 30.Bc5 Nd5 31.bxa7 Ke6 32.Bxd6 Kxd6 33.Rb1 Rxa7 34.
Rb8 Ra4 35.Kg3 Rxa3 36.Rh8 e4 37.Rxh5 e3 38.Re2 Bb5 39.Re1 e2 40.Rh8 Nb4 
41.Rd8+ Ke7 42.Rd2 Rc3 43.Rdxe2+ Bxe2 44.Rxe2+ Kf7 45.h5 Nc6 46.Rb2 Ne7 
47.Rb7 Rc1 48.Kf4 Rc4+ 49.Ke3 f5 50.g4 fxg4 51.fxg4 Rxg4 52.Rb5 Kf6 53.Kf3
Rc4 54.h6 Ng6 55.h7 Rh4 56.Rb7 Ne7 57.Rb6+ Kf7 58.Ra6 Rxh7 59.Rb6 Rh4 60.
Ra6 Nf5 61.Rb6 Ra4 62.Rb8 Nd4+ 63.Ke3 Kf6 64.Re8 Ne6 65.Rb8 Nc7 66.Rh8 
Nd5+ 67.Kd3 Nf4+ 68.Ke3 Ke5 69.Re8+ Ne6 70.Kd3 Kd5 71.Ke3 Ra3+ 72.Kd2 Nf4 
73.Rd8+ Kc4 74.Rc8+ Kd4 75.Rd8+ Nd5 76.Ke2 Ra7 77.Kf3 Rf7+ 78.Ke2 Re7+ 79.
Kf3 Re3+ 80.Kf2 Re7 81.Kf3 1/2-1/2

[Event "19th EUR-ch"]
[Site "Batumi GEO"]
[Date "2018.03.28"]
[Round "11.84"]
[White "Maghalashvili, Davit"]
[Black "Krykun, Yuriy"]
[Result "1-0"]
[WhiteElo "2508"]
[BlackElo "2340"]
[EventDate "2018.03.17"]
[PlyCount "121"]

1.Nf3 c5 2.c4 Nc6 3.g3 g6 4.Bg2 Bg7 5.Nc3 e6 6.d4 cxd4 7.Nb5 d5 8.cxd5 
exd5 9.O-O Nge7 10.Bf4 O-O 11.Qd2 Bg4 12.Nbxd4 Rc8 13.Rac1 Qd7 14.Nxc6 
Nxc6 15.Bh6 Bxh6 16.Qxh6 Bxf3 17.Bxf3 Nd4 18.Qe3 Nxf3+ 19.Qxf3 d4 20.Qd3 
Rfd8 21.Rfd1 Rxc1 22.Rxc1 Qe6 23.a3 Re8 24.Rc2 Qe5 25.Rd2 h5 26.h4 a6 27.
Kg2 Re7 28.b4 Re6 29.a4 Qd5+ 30.Kh2 Qd7 31.a5 Qe7 32.Qc4 Re4 33.Rc2 Kh7 
34.Qd3 Re6 35.Qxd4 Re4 36.Qb6 Re6 37.Rc7 Qf6 38.Qxb7 Qxf2+ 39.Qg2 Qe1 40.
Rxf7+ Kg8 41.Rf2 Qxb4 42.Qa8+ Kg7 43.e4 Rxe4 44.Qxa6 Rxh4+ 45.gxh4 Qxh4+ 
46.Kg1 Qg5+ 47.Kf1 Qc1+ 48.Ke2 Qc2+ 49.Ke3 Qc5+ 50.Kf3 Qf5+ 51.Kg2 Qg4+ 
52.Kh1 Qh4+ 53.Kg1 Qg5+ 54.Rg2 Qe3+ 55.Kh2 Qe5+ 56.Rg3 g5 57.Qa7+ Kg6 58.
Qb6+ Kf5 59.Qe3 Qb2+ 60.Rg2 Qb8+ 61.Qg3 1-0

[Event "19th EUR-ch"]
[Site "Batumi GEO"]
[Date "2018.03.28"]
[Round "11.85"]
[White "Godena, Michele"]
[Black "Mgeladze, Tamaz"]
[Result "1/2-1/2"]
[WhiteElo "2505"]
[BlackElo "2303"]
[EventDate "2018.03.17"]
[PlyCount "197"]

1.e4 c5 2.c3 Nf6 3.e5 Nd5 4.Bc4 Nb6 5.Be2 d6 6.exd6 Qxd6 7.Nf3 Nc6 8.Na3 
e5 9.O-O Be7 10.d4 cxd4 11.Nb5 Qd8 12.cxd4 e4 13.d5 exf3 14.Bxf3 Ne5 15.d6
Bf6 16.Nc7+ Kf8 17.Nxa8 Nxa8 18.Re1 g5 19.Bh5 Be6 20.Bxg5 Bxg5 21.Rxe5 Nb6
22.Qf3 Qf6 23.Ra5 Nc4 24.Rxa7 Nxd6 25.Rd1 Qe5 26.Bg4 f5 27.Qe2 Qxe2 28.
Bxe2 Ke7 29.Bf3 Bc8 30.Ra8 Rd8 31.g3 Kd7 32.a4 Kc7 33.h4 Be6 34.Rxd8 Bxd8 
35.Bd5 Bd7 36.b3 Bf6 37.Rc1+ Kd8 38.Rd1 Kc7 39.Rc1+ Kd8 40.Kg2 Bd4 41.Kf3 
Ke7 42.a5 h6 43.Rc2 Ba7 44.b4 Bb8 45.Kg2 Kd8 46.f3 Ke7 47.Rc1 Kf6 48.Bxb7 
Nxb7 49.a6 Nd6 50.a7 Bxa7 51.Rc7 Be8 52.Rxa7 h5 53.Kf2 Ke5 54.Re7+ Kd4 55.
Re6 Kd5 56.Rf6 Ke5 57.Rf8 Kd4 58.Rh8 Bf7 59.Rd8 Ke5 60.Rb8 Be8 61.Ke3 Nc4+
62.Kd3 Nd6 63.Ra8 Bc6 64.Ra5+ Bb5+ 65.Kc3 Kd5 66.Ra2 Ke5 67.Ra7 Bc6 68.
Re7+ Kf6 69.Re3 f4 70.gxf4 Nf5 71.Re2 Bxf3 72.Rf2 Nxh4 73.b5 Bb7 74.Rh2 
Ng6 75.Rxh5 Nxf4 76.Rh7 Be4 77.Rh8 Ke5 78.Kb4 Kd6 79.Ka5 Nd5 80.Rh6+ Kc7 
81.Rc6+ Kb7 82.Re6 Bd3 83.Rd6 Bxb5 84.Kxb5 Nc7+ 85.Kc5 Na6+ 86.Kb5 Nc7+ 
87.Ka5 Ne8 88.Rh6 Nc7 89.Kb4 Na6+ 90.Kc4 Nc7 91.Kc5 Na6+ 92.Kd6 Kb6 93.Rh1
Kb5 94.Rh5+ Kb6 95.Rg5 Nb4 96.Rc5 Na6 97.Rc6+ Kb5 98.Rxa6 Kxa6 99.Ke5 
1/2-1/2

[Event "19th EUR-ch"]
[Site "Batumi GEO"]
[Date "2018.03.28"]
[Round "11.86"]
[White "Golubov, Saveliy"]
[Black "Sargsian, Anna M."]
[Result "1-0"]
[WhiteElo "2495"]
[BlackElo "2188"]
[EventDate "2018.03.17"]
[PlyCount "81"]

1.d4 d5 2.Nf3 Nf6 3.e3 c6 4.c4 e6 5.Nbd2 Nbd7 6.b3 Bd6 7.Bb2 dxc4 8.bxc4 
c5 9.Bd3 cxd4 10.exd4 O-O 11.O-O b6 12.Qe2 Bf4 13.Ne4 Bb7 14.Ba3 Re8 15.
Nd6 Bxd6 16.Bxd6 e5 17.Nxe5 Re6 18.Ba3 Nxe5 19.dxe5 Nh5 20.g3 Qd4 21.Rae1 
Rae8 22.Bb2 Nxg3 23.Bxd4 Nxe2+ 24.Rxe2 Rd8 25.Bf5 Rxd4 26.Bxe6 fxe6 27.Rc1
Ba6 28.Rec2 Rg4+ 29.Kf1 Re4 30.Kg2 Bb7 31.Kg3 h5 32.f3 h4+ 33.Kf2 Rf4 34.
Rc3 Kf7 35.Rd1 Ke7 36.Rg1 Kf7 37.Rg4 Rf5 38.f4 Bc6 39.Rh3 g5 40.Ke3 Kg6 
41.Rhxh4 1-0

[Event "19th EUR-ch"]
[Site "Batumi GEO"]
[Date "2018.03.28"]
[Round "11.87"]
[White "Goryachkina, Aleksandra"]
[Black "Eynullayev, Atilla"]
[Result "1-0"]
[WhiteElo "2491"]
[BlackElo "2147"]
[EventDate "2018.03.17"]
[PlyCount "75"]

1.d4 Nf6 2.c4 e6 3.Nf3 c5 4.d5 exd5 5.cxd5 d6 6.Nc3 g6 7.Bf4 a6 8.a4 Bg7 
9.h3 O-O 10.e3 Qe7 11.Be2 Nbd7 12.Nd2 Ne5 13.O-O Ne8 14.Bg3 f5 15.Re1 Nf6 
16.Qb3 h6 17.a5 g5 18.f4 Nf7 19.Nc4 g4 20.hxg4 Nxg4 21.Bd3 Rb8 22.Qc2 Nh8 
23.Nb6 Qf6 24.Ra4 h5 25.Nd1 h4 26.Bf2 Ng6 27.b4 h3 28.gxh3 Nxf2 29.Qxf2 
cxb4 30.Rxb4 Nh4 31.Kh2 Kf7 32.Rc4 Qe7 33.Rg1 Bf6 34.Rg3 Bd7 35.Rc7 Rfd8 
36.Bc2 Ng6 37.Qf3 Bh4 38.Rg2 1-0

[Event "19th EUR-ch"]
[Site "Batumi GEO"]
[Date "2018.03.28"]
[Round "11.88"]
[White "Suleymanli, Aydin"]
[Black "Bellaiche, Anthony"]
[Result "0-1"]
[WhiteElo "2210"]
[BlackElo "2485"]
[EventDate "2018.03.17"]
[PlyCount "70"]

1.d4 d5 2.c4 e6 3.Nc3 c6 4.e3 Nf6 5.Nf3 Nbd7 6.b3 Bd6 7.cxd5 exd5 8.Bd3 
O-O 9.O-O Re8 10.Bb2 Ne4 11.Rc1 f5 12.Ne2 Qf6 13.a3 a5 14.Ne1 Qh6 15.f4 
Nf8 16.Nf3 Nf6 17.h3 Rxe3 18.Ne5 Ne4 19.Rc2 Bxe5 20.fxe5 Ng3 21.Bc1 Nxf1 
22.Qxf1 Ng6 23.Bxf5 Nh4 24.Bxc8 Rxc8 25.Nc3 Qg6 26.Nxd5 Qxc2 27.Ne7+ Kh8 
28.Bxe3 Re8 29.Bg5 Qe4 30.Qf2 Ng6 31.Nf5 h6 32.Be3 Rf8 33.g4 Ne7 34.Nxe7 
Rxf2 35.Kxf2 Qc2+ 0-1

[Event "19th EUR-ch"]
[Site "Batumi GEO"]
[Date "2018.03.28"]
[Round "11.89"]
[White "Oparin, Grigoriy"]
[Black "Bashirli, Nail"]
[Result "1-0"]
[WhiteElo "2622"]
[BlackElo "2384"]
[EventDate "2018.03.17"]
[PlyCount "79"]

1.d4 Nf6 2.c4 e6 3.Nf3 b6 4.g3 Bb7 5.Bg2 Be7 6.O-O O-O 7.Nc3 Ne4 8.Bd2 f5 
9.Ne5 Bf6 10.Qc2 Nxc3 11.Bxc3 Bxg2 12.Kxg2 d5 13.Qa4 Qe8 14.Qxe8 Rxe8 15.
cxd5 exd5 16.Nd3 Nd7 17.e3 Rac8 18.Rfd1 c6 19.a4 a5 20.Rac1 Be7 21.Rc2 Rc7
22.b4 axb4 23.Bxb4 c5 24.dxc5 bxc5 25.a5 Rec8 26.Nf4 Nf6 27.Be1 Rd7 28.h4 
Kf7 29.Ra2 Ra8 30.f3 c4 31.Bc3 Bc5 32.Bxf6 Kxf6 33.Nxd5+ Ke5 34.e4 fxe4 
35.fxe4 Rd6 36.Ra4 g6 37.Rc1 Kxe4 38.Nc7 Rb8 39.Rcxc4+ Bd4 40.a6 1-0

[Event "19th EUR-ch"]
[Site "Batumi GEO"]
[Date "2018.03.28"]
[Round "11.90"]
[White "Triapishko, Alexandr"]
[Black "Huber, Martin Christian"]
[Result "1/2-1/2"]
[WhiteElo "2530"]
[BlackElo "2372"]
[EventDate "2018.03.17"]
[PlyCount "85"]

1.Nf3 Nf6 2.g3 g6 3.b3 Bg7 4.Bb2 d6 5.d4 c5 6.e3 O-O 7.Bg2 Nc6 8.O-O Bf5 
9.a3 Rc8 10.Nbd2 Qd7 11.c4 Ne4 12.Nh4 Bg4 13.f3 Nxd2 14.Qxd2 Bh3 15.d5 Nb8
16.Bxg7 Kxg7 17.e4 Bxg2 18.Nxg2 e5 19.Ne3 Qe7 20.Rf2 Nd7 21.b4 h5 22.b5 
Rh8 23.h4 Rcf8 24.Qc2 Nf6 25.Raf1 Nd7 26.Rh2 Re8 27.Rff2 Qd8 28.Qc3 Qf6 
29.a4 Nb6 30.a5 Nd7 31.Qa1 Kf8 32.a6 b6 33.Kf1 Ke7 34.Ke2 Kd8 35.Kd3 Re7 
36.Qg1 Kc7 37.Rh3 Ree8 38.Qg2 Re7 39.Rf1 Ree8 40.Rh2 Re7 41.Qb2 Rhe8 42.
Rh3 Rh8 43.Rh2 1/2-1/2

[Event "19th EUR-ch"]
[Site "Batumi GEO"]
[Date "2018.03.28"]
[Round "11.91"]
[White "Lewtak, Damian"]
[Black "Ruck, Robert"]
[Result "1-0"]
[WhiteElo "2370"]
[BlackElo "2529"]
[EventDate "2018.03.17"]
[PlyCount "95"]

1.e4 c6 2.d4 d5 3.Nd2 dxe4 4.Nxe4 Bf5 5.Ng3 Bg6 6.h4 h6 7.Nf3 Nd7 8.h5 Bh7
9.Bd3 Bxd3 10.Qxd3 e6 11.Bd2 Ngf6 12.O-O-O Be7 13.Ne4 Nxe4 14.Qxe4 Nf6 15.
Qe2 Qd5 16.c4 Qe4 17.Rde1 Qxe2 18.Rxe2 b5 19.b3 Rc8 20.Bc3 O-O 21.Kc2 Rfd8
22.a4 bxc4 23.bxc4 Kf8 24.c5 Rb8 25.Ne5 Rdc8 26.g4 Rb7 27.Ree1 Nd7 28.Rb1 
Rxb1 29.Nxd7+ Ke8 30.Rxb1 Kxd7 31.Ba5 e5 32.dxe5 Bxc5 33.f4 Ke6 34.Kd3 f6 
35.exf6 gxf6 36.Ke4 Rg8 37.Rc1 Kd6 38.Kf5 Bd4 39.Bc3 c5 40.Bxd4 cxd4 41.
Rg1 Kd5 42.Kxf6 Rf8+ 43.Kg7 Rxf4 44.Kxh6 d3 45.g5 d2 46.g6 Rg4 47.Rd1 Rg2 
48.g7 1-0

[Event "19th EUR-ch"]
[Site "Batumi GEO"]
[Date "2018.03.28"]
[Round "11.92"]
[White "Tokranovs, Dmitrijs"]
[Black "Flom, Gabriel"]
[Result "0-1"]
[WhiteElo "2375"]
[BlackElo "2493"]
[EventDate "2018.03.17"]
[PlyCount "70"]

1.e4 c6 2.d4 d5 3.Nc3 dxe4 4.Nxe4 Bf5 5.Ng3 Bg6 6.Nf3 Nd7 7.h4 h6 8.h5 Bh7
9.Bd3 Bxd3 10.Qxd3 e6 11.Bd2 Ngf6 12.O-O-O Rc8 13.Ne4 c5 14.dxc5 Nxe4 15.
Qxe4 Nxc5 16.Qg4 Nd3+ 17.Kb1 Nxf2 18.Qa4+ Qd7 19.Qxd7+ Kxd7 20.Ne5+ Ke8 
21.Nxf7 Rg8 22.Ne5 Bd6 23.Ng6 Nxh1 24.Rxh1 Rc4 25.Re1 Kd7 26.a3 Rg4 27.Re2
e5 28.Bb4 Re8 29.Bc3 Rg5 30.Rf2 Rxh5 31.Rf7+ Kc8 32.Rxg7 e4 33.Rf7 e3 34.
Rf6 Bc7 35.Nf4 Bxf4 0-1

[Event "19th EUR-ch"]
[Site "Batumi GEO"]
[Date "2018.03.28"]
[Round "11.93"]
[White "Assaubaeva, Bibisara"]
[Black "Girya, Olga"]
[Result "0-1"]
[WhiteElo "2369"]
[BlackElo "2482"]
[EventDate "2018.03.17"]
[PlyCount "126"]

1.Nf3 d5 2.g3 c6 3.Bg2 Bf5 4.b3 e6 5.Bb2 h6 6.O-O Nf6 7.d3 Be7 8.Nbd2 O-O 
9.c4 Nbd7 10.a3 a5 11.Bc3 Qb8 12.b4 e5 13.e4 dxe4 14.dxe4 Be6 15.Qc2 Bd8 
16.Ne1 axb4 17.axb4 Rxa1 18.Bxa1 Bc7 19.Nd3 Rd8 20.h3 Ne8 21.Rd1 Nf8 22.c5
f6 23.Nc4 Bf7 24.b5 cxb5 25.Na3 b4 26.Nxb4 Qa7 27.Nb5 Rxd1+ 28.Qxd1 Qxc5 
29.Nxc7 Nxc7 30.Nd3 Qb6 31.Kh1 Bh5 32.g4 Bf7 33.f4 exf4 34.Nxf4 Qa5 35.Nd5
Nxd5 36.exd5 b5 37.Bb2 Qb4 38.Qc1 Ng6 39.Qc8+ Kh7 40.Qc2 Kg8 41.Qc8+ Nf8 
42.Qc1 Qb3 43.Qd2 Nd7 44.Kh2 b4 45.d6 Qc4 46.Qe3 Qc2 47.Qd4 b3 48.Kg3 Qc4 
49.Qe3 Be6 50.Be4 Qc5 51.Qd3 Qg1+ 52.Bg2 Qe1+ 53.Kh2 Qf2 54.Qe4 Kf7 55.Qd4
Qxd4 56.Bxd4 Ne5 57.Kg3 Nc4 58.d7 Bxd7 59.Bd5+ Be6 60.Bxc4 Bxc4 61.h4 g5 
62.hxg5 fxg5 63.Bb2 Be2 0-1

[Event "19th EUR-ch"]
[Site "Batumi GEO"]
[Date "2018.03.28"]
[Round "11.94"]
[White "Arabidze, Meri"]
[Black "Firat, Burak"]
[Result "1-0"]
[WhiteElo "2369"]
[BlackElo "2453"]
[EventDate "2018.03.17"]
[PlyCount "135"]

1.d4 Nf6 2.c4 e6 3.Nc3 Bb4 4.f3 d5 5.a3 Bxc3+ 6.bxc3 c5 7.cxd5 exd5 8.e3 
Nc6 9.Ne2 c4 10.g4 Na5 11.Bg2 h5 12.g5 Ng8 13.h4 Ne7 14.e4 Nb3 15.Rb1 Qa5 
16.Kf2 Bd7 17.Qg1 O-O-O 18.Qh2 Ng6 19.Re1 Rhe8 20.Kg1 Be6 21.Qg3 Re7 22.
Kh1 Nxc1 23.Rexc1 Qxa3 24.Rb5 Qd6 25.f4 Rc7 26.f5 Qxg3 27.Nxg3 Bd7 28.Rxd5
Nxh4 29.Kh2 Nxg2 30.Kxg2 g6 31.Re5 b5 32.Ne2 gxf5 33.exf5 a5 34.Nf4 Kb7 
35.Kg3 Ka6 36.Nd5 Rcc8 37.Ra1 a4 38.Ne7 Rc7 39.g6 fxg6 40.fxg6 Ra7 41.g7 
Raa8 42.Rxh5 Re8 43.Re5 Kb7 44.Kf2 a3 45.Ra2 Red8 46.g8=Q Rxg8 47.Nxg8 
Rxg8 48.Re7 Kc7 49.Rxa3 Kd6 50.Rh7 Rg6 51.Ra6+ Bc6 52.Rb6 Rg2+ 53.Ke1 Rg6 
54.Kd2 Rf6 55.Rg7 Rh6 56.Kc2 Kd5 57.Rg5+ Ke4 58.Re5+ Kf4 59.Kb2 Rh2+ 60.
Ka3 Be4 61.Rf6+ Ke3 62.Rfe6 Kd3 63.Rxe4 Kxc3 64.Re3+ Kxd4 65.Rg3 Rh1 66.
Rf6 Ra1+ 67.Kb2 Rh1 68.Rf5 1-0

[Event "19th EUR-ch"]
[Site "Batumi GEO"]
[Date "2018.03.28"]
[Round "11.95"]
[White "Draskovic, Luka"]
[Black "Belous, Mikhail"]
[Result "1/2-1/2"]
[WhiteElo "2447"]
[BlackElo "2355"]
[EventDate "2018.03.17"]
[PlyCount "65"]

1.c4 Nf6 2.Nf3 g6 3.b3 Bg7 4.Bb2 O-O 5.g3 d6 6.Bg2 e5 7.O-O c6 8.d3 Re8 9.
Nbd2 Nbd7 10.Qc2 b6 11.Ne4 Nxe4 12.dxe4 a5 13.Rfd1 Nc5 14.Ne1 Qe7 15.Nd3 
Be6 16.Nxc5 dxc5 17.Rd3 a4 18.bxa4 Ra6 19.Ra3 Rea8 20.Rd1 b5 21.cxb5 cxb5 
22.Rc3 Rxa4 23.Rxc5 Bc4 24.Rc6 Rxa2 25.Bf1 Bf8 26.Qc3 Qb7 27.Rf6 Qe7 28.
Rc6 Qb7 29.Rf6 Qxe4 30.Rf4 b4 31.Rxe4 bxc3 32.Bxc3 Bb3 33.Rc1 1/2-1/2

[Event "19th EUR-ch"]
[Site "Batumi GEO"]
[Date "2018.03.28"]
[Round "11.96"]
[White "Pechac, Jergus"]
[Black "Aliev, Ravan"]
[Result "0-1"]
[WhiteElo "2440"]
[BlackElo "2330"]
[EventDate "2018.03.17"]
[PlyCount "54"]

1.e4 e6 2.d4 d5 3.Nd2 c5 4.Ngf3 Nc6 5.exd5 exd5 6.Bb5 cxd4 7.Nxd4 Qe7+ 8.
Qe2 Bd7 9.N2b3 Qxe2+ 10.Kxe2 Bd6 11.c3 O-O-O 12.Be3 Nge7 13.a4 Rhe8 14.
Nxc6 bxc6 15.Ba6+ Kc7 16.Nd4 f5 17.Bg5 h6 18.Bxe7 Rxe7+ 19.Kd2 Bf4+ 20.Kc2
c5 21.Nf3 Kb6 22.Bd3 c4 23.Bf1 a5 24.g3 Bd6 25.Nd2 f4 26.Bg2 Re2 27.Bxd5 
Bf5+ 0-1

[Event "19th EUR-ch"]
[Site "Batumi GEO"]
[Date "2018.03.28"]
[Round "11.97"]
[White "Pogosyan, Stefan"]
[Black "Yankelevich, Lev"]
[Result "1-0"]
[WhiteElo "2322"]
[BlackElo "2437"]
[EventDate "2018.03.17"]
[PlyCount "65"]

1.d4 Nf6 2.c4 e6 3.Nc3 Bb4 4.Qc2 d5 5.a3 Bxc3+ 6.Qxc3 dxc4 7.Bg5 h6 8.Bxf6
Qxf6 9.Qxc4 O-O 10.Nf3 Nc6 11.e3 Qg6 12.h3 Bd7 13.Bd3 Qf6 14.O-O Rac8 15.
Qc3 Rfd8 16.Be4 Be8 17.b4 a6 18.a4 Rd6 19.b5 axb5 20.axb5 Nd8 21.Rfb1 c5 
22.Qa3 Qe7 23.dxc5 Rd7 24.Ne5 Rdc7 25.b6 Rxc5 26.Nd3 Kf8 27.Nxc5 Rxc5 28.
Rc1 Rxc1+ 29.Qxc1 f5 30.Bf3 e5 31.Bd5 Nc6 32.Bxc6 Bxc6 33.Qxc6 1-0

[Event "19th EUR-ch"]
[Site "Batumi GEO"]
[Date "2018.03.28"]
[Round "11.98"]
[White "Bernotas, Arturs"]
[Black "Demianjuk, Alexander"]
[Result "1-0"]
[WhiteElo "2436"]
[BlackElo "2313"]
[EventDate "2018.03.17"]
[PlyCount "103"]

1.e4 e5 2.Nf3 Nc6 3.d4 exd4 4.Nxd4 Nf6 5.Nxc6 bxc6 6.e5 Qe7 7.Qe2 Nd5 8.h4
f6 9.c4 Ba6 10.Rh3 fxe5 11.Ra3 Nb4 12.Ra4 Qxh4 13.a3 Bxc4 14.Qxe5+ Kf7 15.
Bg5 Nd3+ 16.Bxd3 Qh1+ 17.Kd2 Bxd3 18.Qf4+ Kg6 19.Kxd3 Bd6 20.Qe4+ Kxg5 21.
Nd2 Qh6 22.Qf3 Qe6 23.Re4 Qf5 24.Qe2 Rhe8 25.Rh1 Kg6 26.Kc3 Be5+ 27.Kb3 
Rab8+ 28.Ka4 Bf4 29.Rxe8 Qb5+ 30.Qxb5 cxb5+ 31.Kb3 Rxe8 32.Nf3 Re2 33.g3 
Bxg3 34.Rg1 Rxf2 35.Rxg3+ Kf6 36.Ng5 Rh2 37.Ne4+ Ke5 38.Nc3 a6 39.Rxg7 Ke6
40.Ne4 Rh3+ 41.Ka2 Ke5 42.Nc5 d6 43.Nxa6 c5 44.Nc7 h5 45.Nxb5 h4 46.Rh7 d5
47.a4 d4 48.a5 Rg3 49.Rh5+ Ke4 50.Rxh4+ Kd3 51.a6 Rg6 52.Nc7 1-0

[Event "19th EUR-ch"]
[Site "Batumi GEO"]
[Date "2018.03.28"]
[Round "11.99"]
[White "Konaplev, Anton"]
[Black "Baghdasarian, Vahe"]
[Result "1-0"]
[WhiteElo "2337"]
[BlackElo "2431"]
[EventDate "2018.03.17"]
[PlyCount "59"]

1.d4 d5 2.c4 c6 3.e3 Nf6 4.Nc3 Bf5 5.cxd5 cxd5 6.Qb3 Nc6 7.Qxb7 Bd7 8.Qb3 
Rb8 9.Qd1 e5 10.dxe5 Nxe5 11.Nge2 Bd6 12.Nf4 Bc6 13.Be2 g5 14.Nd3 Qc7 15.
h4 g4 16.Nf4 g3 17.fxg3 Rg8 18.O-O Rxg3 19.Nfxd5 Nxd5 20.Nxd5 Qc8 21.Rf2 
Qb7 22.e4 Rd8 23.Nf6+ Ke7 24.Qc2 Rc8 25.Bg5 Kf8 26.Rc1 Rc7 27.Qd2 Be7 28.
Qf4 Rxg5 29.Nxh7+ Ke8 30.Nxg5 1-0

[Event "19th EUR-ch"]
[Site "Batumi GEO"]
[Date "2018.03.28"]
[Round "11.100"]
[White "Zarubitski, Viachaslau"]
[Black "Gvetadze, Sofio"]
[Result "1-0"]
[WhiteElo "2425"]
[BlackElo "2308"]
[EventDate "2018.03.17"]
[PlyCount "183"]

1.e4 c5 2.Nf3 Nc6 3.Bb5 g6 4.Bxc6 dxc6 5.d3 Bg7 6.h3 e5 7.Be3 b6 8.Nbd2 f6
9.a4 a5 10.Nc4 Be6 11.O-O Bxc4 12.dxc4 Qc7 13.Ra3 Nh6 14.Rd3 Nf7 15.Qd2 
Ke7 16.Rd1 Rhd8 17.Qe2 Rxd3 18.Rxd3 Nd8 19.c3 Ne6 20.Ne1 Rd8 21.Rxd8 Qxd8 
22.Nd3 Kf7 23.Kf1 Bf8 24.Ke1 Be7 25.Kd2 Bd6 26.Kc2 Bc7 27.b3 h5 28.Bd2 Qh8
29.h4 Qc8 30.Qf3 Ke7 31.Qh3 Qh8 32.Be3 Qd8 33.Qg3 Kf7 34.Qf3 Ke7 35.Qd1 
Qf8 36.g3 f5 37.Qf3 Kd7 38.Qd1 Kc8 39.f3 fxe4 40.fxe4 Kb7 41.Qe2 Qf7 42.
Ne1 Ng7 43.Nf3 Ne8 44.Bg5 Qe6 45.Nd2 Qf7 46.g4 hxg4 47.Qxg4 Ng7 48.Nf3 Nh5
49.Kd3 Qe8 50.Nd2 Qf7 51.Ke3 Bd6 52.Nf3 Kc7 53.Qh3 Qd7 54.Qg2 Qe6 55.Ne1 
Qf7 56.Nd3 Kd7 57.Qg4+ Kc7 58.Qh3 Kb7 59.Ke2 Kc7 60.Qg4 Kb7 61.Be3 Qf6 62.
Bg5 Qf7 63.Qh3 Kc7 64.Ke3 Kb7 65.Nf2 Kc7 66.Ng4 Qe6 67.Qf3 Kd7 68.Nf6+ 
Nxf6 69.Qxf6 Qxf6 70.Bxf6 Bc7 71.Kf3 Ke6 72.Bg5 Kf7 73.Kg4 b5 74.cxb5 cxb5
75.c4 b4 76.h5 gxh5+ 77.Kxh5 Bb6 78.Kh6 Bc7 79.Bh4 Bb6 80.Kg5 Ke6 81.Kg6 
Bc7 82.Kg7 Bb6 83.Kf8 Bc7 84.Ke8 Bb6 85.Be7 Ba7 86.Bd8 Bb8 87.Bxa5 Kf6 88.
Bd8+ Kg6 89.a5 Kh5 90.Kd7 Kg4 91.Kc8 Ba7 92.Kb7 1-0

[Event "19th EUR-ch"]
[Site "Batumi GEO"]
[Date "2018.03.28"]
[Round "11.101"]
[White "Petriashvili, Nikoloz"]
[Black "Drori, Saar"]
[Result "1/2-1/2"]
[WhiteElo "2329"]
[BlackElo "2420"]
[EventDate "2018.03.17"]
[PlyCount "69"]

1.e4 c5 2.Nf3 d6 3.Bb5+ Nd7 4.O-O a6 5.Bxd7+ Bxd7 6.d4 cxd4 7.Qxd4 e5 8.
Qd3 Rc8 9.c4 Qc7 10.b3 b5 11.Na3 Qb7 12.Re1 Bc6 13.Nd2 Nf6 14.f3 Be7 15.
Nf1 O-O 16.Ne3 g6 17.Bd2 Nd7 18.Nd5 Nc5 19.Qe2 Bxd5 20.cxd5 f5 21.Rac1 Bd8
22.Kh1 Bb6 23.Nc2 Rf7 24.Nb4 fxe4 25.fxe4 Rcf8 26.Bh6 Rf2 27.Qg4 R2f4 28.
Bxf4 Rxf4 29.Qh3 Kg7 30.Nd3 Nxe4 31.Rf1 Ng5 32.Qg3 Ne4 33.Qh3 Ng5 34.Qg3 
Ne4 35.Qh3 1/2-1/2

[Event "19th EUR-ch"]
[Site "Batumi GEO"]
[Date "2018.03.28"]
[Round "11.102"]
[White "Sandu, Mihaela"]
[Black "Gadimbayli, Abdulla"]
[Result "0-1"]
[WhiteElo "2289"]
[BlackElo "2416"]
[EventDate "2018.03.17"]
[PlyCount "58"]

1.e4 e6 2.d4 d5 3.Nc3 Bb4 4.e5 c5 5.a3 Bxc3+ 6.bxc3 Ne7 7.a4 Nbc6 8.Nf3 
Qa5 9.Bd2 Bd7 10.Bb5 a6 11.Bxc6 Bxc6 12.O-O O-O 13.Re1 Rfc8 14.Ng5 h6 15.
Nh3 Be8 16.Nf4 Qc7 17.Nh5 cxd4 18.Nf6+ gxf6 19.exf6 Ng6 20.Qf3 dxc3 21.Qh5
Qd8 22.Bxh6 Qxf6 23.Bg5 Qh8 24.Qf3 Rc4 25.Rad1 Bxa4 26.Bf6 Qh6 27.Bxc3 Qf4
28.Qd3 Rac8 29.Rxe6 Qg4 0-1

[Event "19th EUR-ch"]
[Site "Batumi GEO"]
[Date "2018.03.28"]
[Round "11.103"]
[White "Erenberg, Ariel"]
[Black "Ahmadzada, Ahmad"]
[Result "1-0"]
[WhiteElo "2415"]
[BlackElo "2283"]
[EventDate "2018.03.17"]
[PlyCount "107"]

1.d4 Nf6 2.c4 c5 3.d5 e6 4.Nc3 exd5 5.cxd5 d6 6.Nf3 g6 7.Bf4 Bg7 8.Qa4+ 
Bd7 9.Qb3 Qc7 10.e4 O-O 11.Nd2 Nh5 12.Be3 f5 13.exf5 Bxf5 14.Be2 Nf6 15.
Nc4 a6 16.Qb6 Qxb6 17.Nxb6 Ra7 18.O-O-O Re8 19.Rhe1 Bf8 20.Bf4 Nbd7 21.Nc4
Ne5 22.Nxe5 dxe5 23.Be3 b5 24.b4 cxb4 25.Bxa7 bxc3 26.Bd3 c2 27.Kxc2 e4 
28.Be2 e3+ 29.Kb3 Nxd5 30.Bf3 Nb4 31.Rxe3 Bc2+ 32.Kb2 Rxe3 33.Bxe3 Bxd1 
34.Bxd1 Bg7+ 35.Ka3 Nc6 36.Bf3 Nd4 37.Bd5+ Kf8 38.Bd2 Ke7 39.Bg8 h6 40.Kb4
Nc6+ 41.Kc5 Ne5 42.Kb6 Nc4+ 43.Bxc4 bxc4 44.Kxa6 c3 45.Bc1 Kd6 46.Kb5 Kd5 
47.a4 Kd4 48.a5 Kd3 49.a6 Bd4 50.Bxh6 Bxf2 51.Kb4 c2 52.Kb3 Be1 53.Bc1 Bf2
54.h4 1-0

[Event "19th EUR-ch"]
[Site "Batumi GEO"]
[Date "2018.03.28"]
[Round "11.104"]
[White "Qalagashvili, Pridon"]
[Black "Schekachikhin, Maksim"]
[Result "0-1"]
[WhiteElo "2153"]
[BlackElo "2406"]
[EventDate "2018.03.17"]
[PlyCount "64"]

1.e4 c6 2.c4 g6 3.Nc3 Bg7 4.h4 h5 5.Nf3 Nf6 6.d4 d5 7.e5 Ne4 8.Bd3 Nxc3 9.
bxc3 O-O 10.Ng5 c5 11.e6 f5 12.g4 dxc4 13.Bxc4 fxg4 14.Qc2 Rf6 15.Ne4 Rf5 
16.Bg5 b5 17.Bxb5 cxd4 18.Bd3 Ba6 19.Bxa6 Nxa6 20.O-O d3 21.Qa4 Ra5 22.Qc6
Qe8 23.Qc4 Rc8 24.Qxd3 Nc5 25.Nxc5 Raxc5 26.Rac1 Rxc3 27.Rxc3 Rxc3 28.Qe4 
Kh7 29.Rd1 g3 30.f4 Qb5 31.Re1 Qc5+ 32.Kh1 Qf2 0-1